| 000 | 00816nam a2200241 i 4500 | ||
|---|---|---|---|
| 001 | 145769 | ||
| 003 | ES-MaACL | ||
| 005 | 20250818131150.0 | ||
| 007 | t| | ||
| 008 | 071016s1973 sp af ||||1| spa d | ||
| 080 | _a636(084) | ||
| 100 | 1 |
_aVerbeek, Yves. _9113981 |
|
| 245 | 1 | 4 |
_aLos animales domésticos / _cIves Verbeek ; versión C. A. H. ; supervisión Rufino García García. |
| 260 |
_aMadrid : _bCírculo de Amigos de la Historia, _c[1973] |
||
| 300 |
_a1 v.: lám. : _bil. col. ; _c29 cm. |
||
| 490 | 1 | _aLos grandes enigmas del mundo animal | |
| 650 | 4 |
_aAnimales domésticos- _vObras ilustradas. _99840 |
|
| 700 | 1 |
_aGarcía García, Rufino. _954670 |
|
| 700 | 2 |
_a _9241911 |
|
| 830 | 0 |
_aLos grandes enigmas del mundo animal _9220796 |
|
| 852 |
_aES-MaACL _jP-1049 |
||
| 999 |
_c145769 _d145769 |
||